Отборочное аккредитованное мероприятие по программе УМНИК в рамках Вторых ежегодных межуниверситетских осенних чтений "Инновации для Самарской области" УМНИК-2014, 25-26 ноября (Запись № 9881722)

Подробности
000 -МАРКЕР
контрольное поле 03433nam0a2200409 i 4500
001 - ИДЕНТИФИКАТОР ЗАПИСИ
контрольное поле RU\NLR\BIBL_A\010735729
005 - ИДЕНТИФИКАТОР ВЕРСИИ
контрольное поле 20260408115507.0
010 ## - МЕЖДУНАРОДНЫЙ СТАНДАРТНЫЙ НОМЕР КНИГИ (ISBN)
Номер (ISBN) 9785903590285
Тираж 100
021 ## - НОМЕР ГОСУДАРСТВЕННОЙ РЕГИСТРАЦИИ
Код страны Российская Федерация
Номер 15-17441
035 ## - ДРУГИЕ СИСТЕМНЫЕ НОМЕРА
Идентификатор записи (NILC)RuMoRGB-007887462
035 ## - ДРУГИЕ СИСТЕМНЫЕ НОМЕРА
Идентификатор записи (NLR Aleph) 010735729
100 ## - ДАННЫЕ ОБЩЕЙ ОБРАБОТКИ
Данные общей обработки 20150421d2014 k y0rusy50 ca
101 0# - ЯЗЫК РЕСУРСА
Язык текста, звукозаписи и т.д. русский
102 ## - СТРАНА ПУБЛИКАЦИИ ИЛИ ПРОИЗВОДСТВА
Страна публикации Российская Федерация
105 ## - ПОЛЕ КОДИРОВАННЫХ ДАННЫХ: ТЕКСТОВЫЕ МАТЕРИАЛЫ, МОНОГРАФИЧЕСКИЕ
Кодированные данные о монографическом текстовом документе a|||z|||100yy
200 1# - ЗАГЛАВИЕ И СВЕДЕНИЯ ОБ ОТВЕТСТВЕННОСТИ
Основное заглавие Отборочное аккредитованное мероприятие по программе УМНИК в рамках Вторых ежегодных межуниверситетских осенних чтений "Инновации для Самарской области" УМНИК-2014, 25-26 ноября
Сведения, относящиеся к заглавию материалы конкурса программы УМНИК
-- (информационно-методическое пособие для молодых ученых по развитию научного сотрудничества)
Первые сведения об ответственности [под общ. ред. к.т.н., доц. Филатова В.А.]
210 ## - ПУБЛИКАЦИЯ, РАСПРОСТРАНЕНИЕ И ДР.
Место издания, распространения и т.д. Самара
Имя издателя, распространителя и т. д. БМВ и К
Дата издания, распространения и т.д. 2014
215 ## - ФИЗИЧЕСКАЯ ХАРАКТЕРИСТИКА
Специфическое обозначение материала и объем 121 с.
Другие сведения о физической характеристике ил., табл.
Размеры 29
300 ## - ОБЩИЕ ПРИМЕЧАНИЯ
Текст примечания На обл.: Вторые ежегодные межуниверситетские осенние чтения "Инновации для Самарской области": материалы докладов конкурса программы УМНИК, 25-26 ноября 2014 года
300 ## - ОБЩИЕ ПРИМЕЧАНИЯ
Текст примечания На обл. в надзаг.: Департамент по делам молодежи Самарской обл., Гос. бюджетное учреждение Самарской обл. "Агентство по реализации молодежной политики"
512 1# - ЗАГЛАВИЕ ОБЛОЖКИ
Заглавие обложки Вторые ежегодные межуниверситетские осенние чтения "Инновации для Самарской области"
Сведения, относящиеся к заглавию материалы докладов конкурса программы УМНИК, 25-26 ноября 2014 года
606 1# - НАИМЕНОВАНИЕ ТЕМЫ КАК ПРЕДМЕТ
Наименование темы Инновационная деятельность
Формальный подзаголовок Тезисы докладов
Географический подзаголовок Самарская область
Системный номер авторитетной/нормативной записи 2566275
Идентификатор авторитетной/нормативной записи RU\NLR\AUTH\661517776
606 1# - НАИМЕНОВАНИЕ ТЕМЫ КАК ПРЕДМЕТ
Наименование темы Студенты
Формальный подзаголовок Тезисы докладов
Тематический подзаголовок Проектная деятельность
Географический подзаголовок Самарская область
Системный номер авторитетной/нормативной записи 2239246
Идентификатор авторитетной/нормативной записи RU\NLR\AUTH\6601575291
686 1# - ИНДЕКСЫ ДРУГИХ КЛАССИФИКАЦИЙ
Индекс У9(2)-55(2Р-4С)я431
686 1# - ИНДЕКСЫ ДРУГИХ КЛАССИФИКАЦИЙ
Индекс Ч481.266я431
702 #1 - ИМЯ ЛИЦА - ВТОРИЧНАЯ ОТВЕТСТВЕННОСТЬ
Код отношения Редактор
Начальный элемент ввода Филатов
Часть имени, кроме начального элемента ввода В. А.
Дополнения к именам, кроме дат канд. техн. наук, аэрокосм. и информ. технологии
Расширение инициалов личного имени Валентин Александрович
Системный номер авторитетной/нормативной записи 144328
Идентификатор авторитетной/нормативной записи RU\NLR\AUTH\770144364
711 12 - НАИМЕНОВАНИЕ ОРГАНИЗАЦИИ - АЛЬТЕРНАТИВНАЯ ОТВЕТСТВЕННОСТЬ
Начальный элемент ввода "Инновации для Самарской области", межуниверситетские осенние чтения
Порядковый номер временной организации и / или порядковый номер ее части 2
Дата проведения временной организации 2014
Системный номер авторитетной/нормативной записи 462904
Идентификатор авторитетной/нормативной записи RU\NLR\AUTH\880398084
711 12 - НАИМЕНОВАНИЕ ОРГАНИЗАЦИИ - АЛЬТЕРНАТИВНАЯ ОТВЕТСТВЕННОСТЬ
Начальный элемент ввода Отборочное аккредитованное мероприятие по программе УМНИК
Место проведения временной организации Самара
Дата проведения временной организации 2014
Системный номер авторитетной/нормативной записи 462926
Идентификатор авторитетной/нормативной записи RU\NLR\AUTH\880398094
711 12 - НАИМЕНОВАНИЕ ОРГАНИЗАЦИИ - АЛЬТЕРНАТИВНАЯ ОТВЕТСТВЕННОСТЬ
Начальный элемент ввода "У.М.Н.И.К.", конкурс
Место проведения временной организации Астрахань
Дата проведения временной организации 2014
Системный номер авторитетной/нормативной записи 426810
Идентификатор авторитетной/нормативной записи RU\NLR\AUTH\880380221
801 #0 - ИСТОЧНИК ЗАПИСИ
Страна Российская Федерация
Организация РГБ
Дата составления 20150316
Правила каталогизации RCR
801 #1 - ИСТОЧНИК ЗАПИСИ
Страна Российская Федерация
Организация РГБ
Дата составления 20150316
Источник данных rusmarc
942 ## - ДОПОЛНИТЕЛЬНЫЕ ЭЛЕМЕНТЫ ЗАПИСИ (АБИС)
Тип экземпляра АБИС Книга
980 ## - КОЛЛЕКЦИЯ
Название коллекции НБР

Нет доступных экземпляров.